Where the Kurds live - Statistics

General Stats
  • This quiz has been taken 1,817 times
  • The average score is 18 of 24
Answer Stats
Hint Answer % Correct
6.5-7.9 million Iran
99%
6.2-6.5 million Iraq
99%
11-18.6 million Turkey
99%
2.2-3 million Syria
97%
50.000 United Kingdom
91%
15.361 United States
91%
800.000 Germany
90%
37.470 Armenia
88%
63.818 Russia
88%
135.000 France
87%
20.843 Georgia
85%
150.000-180.000 Azerbaijan
83%
11.685 Canada
78%
28.000 Greece
74%
150.000 Israel
72%
90.000 Sweden
70%
30.000 Jordan
69%
60.000 Belgium
58%
75.000 Netherlands
58%
30.000 Denmark
56%
10.075 Finland
53%
14.669 Switzerland
49%
40.000 Kazakhstan
37%
13.171 Kyrgyzstan
20%
No matching quizzes found
Score Distribution
Percent of People with Each Score
Percentile by Number Answered
Your Score History
You have not taken this quiz